000
00304nam a22001457a 4500
008
221115b ||||| |||| 00| 0 eng d
020
_a
1568810121
041
_a
eng
080
_a
521
082
_a
521 HAR
100
_a
19.1
101
_a
ASTRO
245
_a
STELLAR
_c
HARPAZ AMOS
942
_2
udc
_c
BK
999
_c
58904
_d
58904